[Event "Tatry Open 2018"]
[Site "Tatranska Lomnica"]
[Date "2018.10.02"]
[Round "4"]
[White "Pacher, Milan"]
[Black "Lys, Josef"]
[Result "1-0"]
[WhiteElo "2457"]
[BlackElo "2086"]
[Annotator "TA"]
[PlyCount "19"]
[EventDate "2018.09.30"]
[EventType "swiss"]
[EventCountry "SVK"]
[SourceTitle "playchess.com"]
[Source "ChessBase"]
[SourceQuality "1"]

{[%evp 10,19,50,23,55,50,53,12,58,-3,264,252]} 1. e4 e5 2. Nf3 {[%cal Bg1f3,Bf3d4,Bd4f5][%mdl 32]} d6 3. d4 exd4 4. Nxd4 Nf6 5. Nc3 Be7 6. Bf4 {LiveBook: 539 Games} Nbd7 {C41: Philidor Defence} (6... O-O 7. Qd2 d5 8. Ndb5 Bb4 9. O-O-O c6 10. Nc7 Nxe4 11. Qd4 Bxc3 12. bxc3 Qe7 13. c4 Qa3+ 14. Qb2 Qa5 15. cxd5 Nxf2 {1-0 (29) Ragger,M (2644)-Schneider,I (2509) Austria 2017}) 7. Nf5 O-O $1 8. g4 $146 ({Predecessor:} 8. Qd2 Nc5 9. f3 Bxf5 10. exf5 d5 11. O-O-O c6 12. g4 b5 13. h4 b4 14. Ne2 {1-0 (44) Rundgren,A (1940)-Kalkman de Koster,F (1655) Oslo 2010}) 8... Ne5 9. Bxe5 (9. Rg1 $14) 9... Bxf5 $4 {[%mdl 8192] [#]} (9... dxe5 $11 {and Black has nothing to worry.} 10. g5 Ne8) 10. Bxf6 $1 1-0

[Event "Tatry Open 2018"]
[Site "Tatranska Lomnica"]
[Date "2018.10.02"]
[Round "4"]
[White "Mrva, Martin"]
[Black "Valenta, Vit"]
[Result "0-1"]
[WhiteElo "2430"]
[BlackElo "2147"]
[Annotator "TA"]
[PlyCount "84"]
[EventDate "2018.09.30"]
[EventType "swiss"]
[EventCountry "SVK"]
[SourceTitle "playchess.com"]
[Source "ChessBase"]
[SourceQuality "1"]

{[%evp 15,84,0,0,0,0,10,25,-9,0,-8,-12,-100,-122,-120,-128,-168,-116,-187,-158,-154,-130,-127,-125,-214,-212,-227,-227,-229,-214,-218,-218,-203,-206,-225,-212,-202,-181,-288,-268,-423,-432,-485,-462,-484,-452,-471,-451,-442,-443,-595,-585,-914,-787,-913,-898,-881,-875,-1199,-948,-1397,-937,-933,-900,-1201,-1114,-1146,-1136,-2381,-2379,-2181,-2147]} 1. e4 e5 2. Nf3 Nc6 3. Bb5 {[%cal Bf1b5,Bb5a4,Ba4b3,Bb3d5][%mdl 32]} a6 4. Ba4 Nf6 5. Nc3 b5 6. Bb3 Be7 7. a4 {C77: Spanische Partie (Anderssen-Variante)} (7. d3 d6 8. a3 O-O 9. Nd5 Na5 10. Ba2 Nxd5 11. Bxd5 c6 12. Ba2 Bf6 13. O-O Re8 14. b4 Nb7 15. c4 Be6 {½-½ (23) Rapport,R (2692)-Aronian,L (2785) Sharjah 2017}) 7... b4 8. Nd5 O-O {LiveBook: 8 Partien} 9. Nxf6+ {Die Stellung ist ausgeglichen.} Bxf6 10. Bd5 Rb8 11. O-O $146 (11. Bxc6 $5 dxc6 12. b3 $11) ({Vorgänger:} 11. d3 Ne7 12. Bb3 d5 13. O-O Bb7 14. Qe2 Re8 15. Re1 Ng6 16. g3 d4 17. h4 h6 18. Nh2 Bc8 19. Ng4 a5 20. Bd2 Rb6 21. Nh2 {½-½ (21) Nuechter,C (2142)-Lautenbach,W (1961) GER email 2006}) 11... Ne7 {[%cal Bc6e7,Be7g6,Bg6f4][%mdl 32]} 12. Bb3 c5 {[%cal Bc7c5,Bc5d4][%mdl 32]} 13. d4 (13. d3 $11 {bleibt in der Remisbreite.}) 13... cxd4 $17 14. Ng5 d6 15. Qd3 h6 (15... a5 $19 16. Qc4 Bxg5 17. Bxg5 Be6) 16. h4 (16. f4 $17 {kämpft weiter.}) 16... Ng6 17. h5 {[#] Droht Sxf7 und aus.} Nf4 ({Und nicht} 17... Bxg5 18. hxg6 Be6 19. Bxg5 $11) 18. Bxf4 Bxg5 19. Bh2 (19. Bxg5 $17 {ist wohl besser.} Qxg5 20. f4) 19... a5 $19 20. f4 Bf6 21. Rf2 Rb6 22. Bc4 Bb7 23. Re1 Qc8 24. Bb3 Qg4 25. Qf3 Qxf3 26. Rxf3 (26. gxf3 {war die einzige Verteidigung.} Rc6 27. Rd1) 26... Bc8 27. f5 (27. Rd3 $142) 27... Ba6 {Schwarz steht klar auf Gewinn.} 28. Bg3 Rc6 29. Rb1 Bc4 30. Be1 Bxb3 31. cxb3 Rfc8 32. Bd2 Rc2 33. Rd3 {[#]} d5 $1 {[%mdl 512]} 34. Re1 (34. exd5 e4) 34... dxe4 35. Rxe4 Rxb2 36. Rg4 Kh7 37. Kh2 Rcc2 38. Be1 Bg5 39. f6 Re2 40. Bh4 gxf6 {[%cal Bg7f6,Bf6g5][%mdl 32]} 41. Bxg5 fxg5 42. Rf3 Kg7 {Precision: Weiß = 33%, Schwarz = 84%.} 0-1

[Event "Tatry Open 2018"]
[Site "Tatranska Lomnica"]
[Date "2018.10.02"]
[Round "4"]
[White "Berezjuk, Sergej"]
[Black "Sejkora, Vlastimil"]
[Result "0-1"]
[WhiteElo "2427"]
[BlackElo "2111"]
[Annotator "TA"]
[PlyCount "140"]
[EventDate "2018.09.30"]
[EventType "swiss"]
[EventCountry "SVK"]
[SourceTitle "playchess.com"]
[Source "ChessBase"]
[SourceQuality "1"]

{[%evp 17,140,28,43,36,44,26,55,57,73,71,71,47,60,60,67,29,73,73,69,54,57,67,65,27,59,50,93,91,93,69,122,-120,63,63,82,88,91,36,36,35,34,35,70,39,45,0,53,54,48,46,44,35,37,42,86,86,88,51,132,141,139,134,134,134,156,156,153,134,166,148,148,148,154,148,148,148,148,148,148,0,148,148,148,134,134,116,111,38,38,38,38,-935,-941,-825,-822,-940,-941,-935,-916,-942,-718,-927,-927,-882,-866,-859,-779,-714,-697,-697,-705,-653,-561,-1604,-1592,-1583,-1578,-1529,-1500,-1563,-1470,-1326,-1280,-1048,-987]} 1. c4 g6 2. Nf3 Bg7 3. d4 d6 4. Nc3 Nf6 5. g3 O-O 6. Bg2 a6 7. O-O Nc6 8. b3 e5 9. Bb2 {E63: King's Indian: Fianchetto: Panno Variation with 7...a6} Bg4 {LiveBook: 3 Games} 10. d5 (10. dxe5 dxe5 11. Nd5 Nd7 12. h3 Be6 13. Qd2 e4 14. Nd4 Nxd4 15. Bxd4 f5 16. Bxg7 Kxg7 {1-0 (32) Bachmann,A (2624)-Menna Barreto,F (2293) Florianopolis 2018}) 10... Ne7 11. e4 $146 {White is slightly better.} ({Predecessor:} 11. Ne1 Qc8 12. f3 Bh3 13. e4 Bxg2 14. Kxg2 Nd7 15. Nd3 f5 16. b4 c5 {1-0 (47) Abelgas,R (2316)-Sean,W (2450) Olongapo City 2015}) 11... Ne8 12. Qd3 Bxf3 13. Bxf3 f5 14. exf5 gxf5 {White should prevent ...e4.} 15. Bg2 {[%cal Bf3g2,Bg2h3,Bh3e6][%mdl 32]} Ng6 16. Ne2 f4 17. Bh3 Qg5 18. Be6+ Kh8 19. Nc3 Nf6 20. Ne4 Qh5 21. f3 {[%cal Bf2f3,Bf3e4][%mdl 32]} fxg3 22. hxg3 Nxe4 23. fxe4 Bh6 (23... Qg5 $14) 24. Kg2 $2 {[#]} (24. Rf5 $16 {is forced if you want to stay better.} Bg5 25. Raf1) 24... Qg5 $2 (24... Nf4+ $1 $17 {[%mdl 512]} 25. gxf4 (25. Rxf4 Bxf4) 25... Bxf4) 25. Kh2 $14 Rxf1 26. Rxf1 Rf8 27. Rf5 (27. Bc3 $16) 27... Rxf5 $1 28. Bxf5 Ne7 29. Bh3 Kg7 30. Ba3 b6 31. b4 Qf6 (31... b5 $11) 32. Kg2 Bg5 33. c5 {Hoping for cxd6.} b5 $1 34. Bb2 h5 35. Qf3 Bd2 36. Qxf6+ Kxf6 $16 {[%mdl 4096] Endgame KBB-KBN} 37. a3 Be3 (37... dxc5 $14 38. bxc5 Be3) 38. cxd6 cxd6 39. Kf3 Bg5 40. Bd7 h4 41. gxh4 Bxh4 42. Ke2 Kf7 43. Bc3 Bg5 44. Kd3 Bc1 45. Kc2 Be3 46. Be1 Bb6 47. Bd2 Kf6 48. Be1 Kf7 $1 49. Bh4 Ng6 50. Bg5 Nf4 51. Bc8 a5 {[#]} 52. Bd7 ({White should try} 52. Kd2 $1 $16) 52... axb4 $14 53. axb4 {Threatens to win with Kd2.} Ne2 $1 54. Bxb5 $2 {[%mdl 8192]} (54. Kd2 $14 Nd4 55. Kd3) 54... Nd4+ $19 {Black is clearly winning.} 55. Kd3 Nxb5 56. Kc4 Nd4 57. Bh4 Ke8 58. Bg5 Kd7 59. Bd2 Bd8 60. Be3 Kc7 61. Bh6 Be7 62. Be3 Bh4 63. Bh6 Nf3 64. Bf8 Bg5 65. b5 Be3 66. Be7 Bc5 67. Bf6 Kd7 68. Bg7 Ng5 69. Kd3 Nh3 70. Kc4 Nf2 {Precision: White = 40%, Black = 55%.} 0-1

[Event "Tatry Open 2018"]
[Site "Tatranska Lomnica"]
[Date "2018.10.02"]
[Round "4"]
[White "Jablonicky, Martin"]
[Black "Czajkowski, Ryszard"]
[Result "0-1"]
[WhiteElo "2346"]
[BlackElo "2032"]
[Annotator "TA"]
[PlyCount "149"]
[EventDate "2018.09.30"]
[EventType "swiss"]
[EventCountry "SVK"]
[SourceTitle "playchess.com"]
[Source "ChessBase"]
[SourceQuality "1"]

{[%evp 17,149,11,29,0,5,-33,-36,-64,-66,-64,-62,-62,-63,-54,-49,-49,-44,-49,-3,-19,-3,-2,-9,0,0,-32,-42,-38,-44,-82,-57,-68,-36,-38,-43,-50,-25,-49,-31,-31,0,-31,-15,-15,8,12,10,2,50,-57,0,-192,0,0,8,8,8,8,8,8,0,-12,0,-70,0,-8,-8,-8,-8,-8,-8,-58,0,0,0,-70,-1,-133,-125,-158,-70,-70,-8,-410,-454,-454,-454,-454,-454,-454,-454,-416,-308,-454,-454,-427,-454,-454,-416,-416,-416,-454,-454,-449,-424,-427,-427,-2846,-1641,-2974,-2850,-2238,-596,-29969,-29970,-29970,-29970,-29971,-29972,-29971,-29973,-29975,-29973,-29973,-29974,-29980,-29981,-29980,-29981,-29989,-29990,-29990,-29983,-29991]} 1. Nf3 Nf6 2. g3 g6 3. b3 Bg7 4. Bb2 d5 5. c4 c6 6. Bg2 O-O 7. O-O Nbd7 8. d4 Ne4 9. e3 b5 {LiveBook: 5 Games. D78: Fianchetto Grünfeld: 6 0-0 c6} 10. Nbd2 Nxd2 11. Qxd2 $146 (11. Nxd2 {seems wilder.} bxc4 12. bxc4 Ba6 13. Re1 Nb6 14. cxd5 cxd5 15. Rb1) ({Predecessor:} 11. Nxd2 bxc4 12. bxc4 Rb8 13. Ba3 c5 14. cxd5 cxd4 15. exd4 Bxd4 16. Rb1 Ba6 17. Re1 Rxb1 18. Qxb1 {½-½ (32) Prusikin,M (2555)-Baramidze,D (2608) Nuremberg 2013}) 11... bxc4 {Black is slightly better.} 12. bxc4 Ba6 ({Don't play} 12... dxc4 13. Rfc1 $11) 13. Rfc1 Bxc4 14. Qc2 Rc8 15. Nd2 Bb5 16. a4 Ba6 17. Nb3 e5 (17... Re8 {is interesting.} 18. f4 Bc4 19. Rab1 Qb6 20. Ba3 Qa6) 18. Nc5 $1 {[%cal Rc5a6]} Nxc5 19. Qxc5 exd4 20. Bxd4 Bxd4 21. exd4 Qd7 22. h4 Bc4 23. Kh2 Rb8 24. Bh3 f5 25. Re1 Rfe8 26. h5 Kg7 27. Re5 Rxe5 28. dxe5 Re8 29. Qd4 Qe7 {[#] Threatens to win with ...c5.} 30. e6+ $1 Kh6 $132 {[%mdl 2048] Black is not keeping still} 31. Re1 c5 ({Don't blunder} 31... Kxh5 $2 32. Kg2 $18) 32. Qe3+ Qg5 {Strongly threatening ...Qxe3.} 33. f4 ({White should play} 33. Qxc5 $14 Qf6 34. hxg6 (34. Qxa7 Rxe6 35. Rxe6 Qxe6 $14)) 33... Qf6 (33... Qe7 $15 34. hxg6 hxg6) 34. g4 $2 (34. Qxc5 $11 Qb2+ 35. Bg2) 34... Qb2+ $2 (34... fxg4 $19 35. Bxg4 Qh4+ 36. Bh3 d4) 35. Kg3 $11 Qb3 36. Qxb3 Bxb3 37. gxf5 gxf5 38. Bxf5 {[%mdl 4096] Endgame KRB-KRB} Re7 39. Bg4 Kg7 40. f5 (40. Bd1 $11 c4 41. Bxb3 cxb3 42. Re3) 40... Bxa4 (40... Kf6 $15 41. a5 c4) 41. Kf4 {And now Ke5 would win.} Kf6 42. Rb1 Bc6 43. Rb8 Re8 44. Rb1 Re7 (44... Rc8 $5 {[%cal Rc5c4]} 45. Ra1 Rc7 $17) 45. Rb8 Re8 46. Rb1 c4 (46... Rc8 $15 47. Ra1 Rc7) 47. Bf3 (47. Ra1 $11 c3 48. Rxa7) 47... Rc8 $17 48. Ra1 Rc7 (48... c3 $17 {aiming for ...c2.} 49. Rc1 Bb7) 49. Ra5 $15 {White wants to play Rc5.} Ba8 ({Better is} 49... Be8 $1 $15 50. Bxd5 c3) 50. Bxd5 $2 {[%mdl 8192]} (50. h6 $11 {and White has nothing to worry.}) 50... Bxd5 $19 51. Rxd5 $11 {KR-KR} c3 {[%cal Bc4c3,Bc3c2][%mdl 32] ( -> ...c2)} 52. Rd1 c2 53. Rc1 a5 {[%cal Ba7a5,Ba5a4][%mdl 32]} 54. Ke4 a4 {Hoping for ...a3.} 55. Kd3 Kxf5 56. e7 Rxe7 57. Rf1+ Kg5 58. Kxc2 Kxh5 59. Rh1+ Kg4 60. Rg1+ Kf3 61. Rh1 Rb7 62. Rh4 (62. Rf1+ $142 Ke2 63. Rf8) 62... Kg3 63. Rxa4 h5 {[%cal Bh7h5,Bh5h4][%mdl 32]} 64. Ra3+ Kg2 65. Kd3 h4 {Black mates.} 66. Ra2+ Kg3 67. Ra8 {[#]} Rg7 $1 68. Ra1 Kf3 69. Rh1 Rd7+ 70. Kc3 Rh7 71. Kd3 h3 72. Rf1+ Kg2 73. Rf8 h2 74. Rg8+ Kf3 75. Kd4 {Precision: White = 47%, Black = 54%.} 0-1

[Event "Tatry Open 2018"]
[Site "Tatranska Lomnica"]
[Date "2018.10.02"]
[Round "4"]
[White "Vyskocil, Neklan"]
[Black "Ruzicka, Milan"]
[Result "1/2-1/2"]
[WhiteElo "2315"]
[BlackElo "2037"]
[Annotator "TA"]
[PlyCount "36"]
[EventDate "2018.09.30"]
[EventType "swiss"]
[EventCountry "SVK"]
[SourceTitle "playchess.com"]
[Source "ChessBase"]
[SourceQuality "1"]

{[%evp 10,36,15,0,10,9,15,10,17,0,17,0,0,0,0,-4,14,0,25,-16,0,0,-11,-4,0,0,0,-14,-13]} 1. d4 d5 2. c4 e6 3. Nc3 Nf6 4. Bf4 Bd6 5. Bg3 O-O 6. e3 {LiveBook: 3 Games. D35: Queen's Gambit Declined: Exchange Variation} b6 7. cxd5 exd5 8. Bd3 Bb7 9. Nf3 c5 10. dxc5 $146 ({Predecessor:} 10. Rc1 Be7 11. O-O Nbd7 12. Ne5 Ne4 13. Bxe4 dxe4 14. Nxd7 Qxd7 15. dxc5 Qxd1 16. Rfxd1 Bxc5 {1-0 (78) Sedlak,N (2587)-Kosic,D (2465) Biograd na Moru 2018}) 10... bxc5 11. O-O Bxg3 12. hxg3 Nc6 13. Rc1 Re8 14. Ne2 Qb6 {The position is equal.} 15. b3 Nb4 16. Bb1 $1 Qa5 17. Nf4 Rad8 18. Re1 Ne4 {Precision: White = 45%, Black = 56%.} ({Reject} 18... Nxa2 19. Bxa2 Qxa2 20. Ra1 $14 (20. Rxc5 Rc8 $14)) 1/2-1/2

[Event "Tatry Open 2018"]
[Site "Tatranska Lomnica"]
[Date "2018.10.02"]
[Round "4"]
[White "Pniaczek, Marek"]
[Black "Vorisek, Jakub"]
[Result "1/2-1/2"]
[WhiteElo "2234"]
[BlackElo "2069"]
[Annotator "NA"]
[PlyCount "88"]
[EventDate "2018.09.30"]
[EventType "swiss"]
[EventCountry "SVK"]
[SourceTitle "playchess.com"]
[Source "ChessBase"]
[SourceQuality "1"]
[TimeControl "40/5400+30:1800+30"]

{[%evp 37,86,36,32767,32767,32767,32767,32767,32767,32767,32767,32767,32767,32767,32767,10,5,15,14,9,13,17,3,46,41,75,61,61,77,58,54,113,0,0,0,0,0,0,0,0,0,0,0,12,0,0,-31,-6,-25,-25,-46,0]} 1. e4 {[%emt 0:00:00]} e6 {[%emt 0:00:00]} 2. d4 {[%emt 0:00:00]} d5 {[%emt 0:00:00]} 3. Nd2 {[%emt 0:00:00]} a6 {[%emt 0:00:00]} 4. Ngf3 c5 5. exd5 {[%emt 0:03:35]} exd5 {[%emt 0:00:13]} 6. dxc5 {[%emt 0:00:56]} Bxc5 {[%emt 0:00:06]} 7. Nb3 {[%emt 0:00:42]} Bb6 {[%emt 0:00:09]} 8. Bd3 {[%emt 0:02:17]} Nf6 {[%emt 0:04:11]} 9. Qe2+ {[%emt 0:03:50] C08: French Tarrasch: 3...c5 4 exd5 exd5 sidelines} Qe7 {[%emt 0:16:20]} 10. Qxe7+ {[%emt 0:00:51]} Kxe7 {[%emt 0:00:04]} 11. Bg5 {[%emt 0:02:26]} Nc6 {[%emt 0:01:22]} (11... h6 12. Bh4 Nc6 13. O-O-O g5 14. Bg3 Be6 15. Ne5 Nh5 16. Nxc6+ bxc6 {½-½ (52) Pavlidis,A (2539)-Piorun,K (2651) Katowice 2017}) 12. O-O {[%emt 0:01:36]} Be6 $146 {[%emt 0:01:13]} ({Predecessor:} 12... h6 13. Rfe1+ Be6 14. Be3 Bc7 15. c3 Rhe8 16. h3 Kf8 {1-0 (74) Stabernack,J (1818)-Schmidt,M (1982) Neustadt an der Weinstrasse 2012}) 13. Rfe1 {[%emt 0:02:29]} Rhe8 {[%emt 0:10:16]} 14. c3 {[%emt 0:04:16]} Rad8 {[%emt 0:04:38]} 15. Be3 {[%emt 0:04:21]} Bxe3 {[%emt 0:02:26]} 16. Rxe3 {[%emt 0:00:18]} Kd6 {[%emt 0:04:34]} 17. Nbd4 {[%emt 0:06:08]} Nxd4 {[%emt 0:08:09]} 18. Nxd4 {[%emt 0:00:09]} g6 {[%emt 0:00:31]} 19. f3 {[%emt 0:15:42]} Bd7 {[%emt 0:02:29]} 20. Kf2 {[%emt 0:01:20]} Rxe3 {[%emt 0:00:20]} 21. Kxe3 {[%emt 0:00:20]} Re8+ {[%emt 0:00:10]} 22. Kd2 {[%emt 0:01:08]} Nh5 {[%emt 0:02:56]} 23. g3 {[%emt 0:02:27]} Ng7 {[%emt 0:00:17]} 24. b4 {[%emt 0:02:13]} Ne6 {[%emt 0:04:05]} 25. Nb3 {[%emt 0:00:18]} Ng5 {[%emt 0:02:09]} 26. Rf1 {[%emt 0:02:28]} f6 {[%emt 0:02:46]} 27. Nc5 {[%emt 0:02:07]} Bc6 {[%emt 0:01:55]} 28. h4 {[%emt 0:03:03]} Ne6 {[%emt 0:02:04]} 29. Nb3 {[%emt 0:02:20]} Nc7 {[%emt 0:01:58] [#]} 30. h5 $1 {[%emt 0:05:16]} Bb5 {[%emt 0:06:12]} 31. hxg6 {[%emt 0:01:36]} hxg6 {[%emt 0:00:08]} 32. Rh1 {[%emt 0:00:31]} Bxd3 {[%emt 0:01:39]} 33. Kxd3 {[%emt 0:00:05]} Nb5 {[%emt 0:00:32] [#]} 34. Nc5 {[%emt 0:01:48]} (34. Rh7 $1 $16) 34... b6 {[%emt 0:07:11]} 35. Nb3 {[%emt 0:00:42]} Rc8 {[%emt 0:03:46]} 36. Rc1 {[%emt 0:02:12]} Na3 {[%emt 0:01:31]} 37. Nd4 {[%emt 0:02:00]} Re8 {[%emt 0:01:00]} 38. Rh1 {[%emt 0:00:42]} Nc4 {[%emt 0:00:40]} 39. Rh6 {[%emt 0:00:34]} Re1 {[%emt 0:08:06]} 40. g4 {[%emt 0:08:43]} Rg1 {[%emt 0:08:41]} 41. Rh2 {[%emt 0:32:48]} Rd1+ {[%emt 0:20:27]} 42. Kc2 {[%emt 0:00:00]} Ne3+ {[%emt 0:01:51]} 43. Kb2 {[%emt 0:00:00]} Nc4+ $11 {[%emt 0:01:19]} 44. Kc2 {[%emt 0:00:00]} Ke5 1/2-1/2

[Event "Tatry Open 2018"]
[Site "Tatranska Lomnica"]
[Date "2018.10.02"]
[Round "4"]
[White "Matras, Ondrej"]
[Black "Mandak, Miroslav"]
[Result "1-0"]
[WhiteElo "2224"]
[BlackElo "1997"]
[Annotator "NA"]
[PlyCount "73"]
[EventDate "2018.09.30"]
[EventType "swiss"]
[EventCountry "SVK"]
[SourceTitle "playchess.com"]
[Source "ChessBase"]
[SourceQuality "1"]
[TimeControl "40/5400+30:1800+30"]

{[%evp 30,73,-1,-82,-30,32767,32767,32767,32767,32767,43,20,61,44,75,54,49,39,58,52,83,79,230,249,255,283,280,266,274,283,515,504,490,580,494,518,580,32767,639,685,705,720,869,804,1006,1092]} 1. d4 {[%emt 0:00:00]} e6 {[%emt 0:00:00]} 2. Nf3 {[%emt 0:00:30]} c5 3. e3 Nf6 {[%emt 0:03:12]} 4. c4 {[%emt 0:00:43]} Qc7 {[%emt 0:03:31]} 5. Nc3 {[%emt 0:01:15]} a6 {[%emt 0:04:34]} 6. Bd3 {[%emt 0:04:13] E10: Blumenfeld Gambit} (6. Be2 b6 7. O-O Bb7 8. d5 exd5 9. Nxd5 Nxd5 10. cxd5 Be7 11. e4 d6 12. Bf4 Nd7 13. Qc2 O-O {½-½ (54) Malisauskas,V (2428)-Meskovs,N (2493) Vilnius 2015}) 6... d6 {[%emt 0:01:22]} 7. O-O {[%emt 0:01:04]} g6 {[%emt 0:02:31]} 8. b3 {[%emt 0:03:24]} Bg7 {[%emt 0:01:17]} 9. Bb2 {[%emt 0:00:02]} O-O {[%emt 0:00:48]} 10. Re1 $146 {[%emt 0:02:04]} ({Predecessor:} 10. Qe2 b6 11. dxc5 bxc5 {½-½ (57) Hernandez Delgado,G (1976)-Buil Rello,J (1955) Spain 2011}) 10... b6 {[%emt 0:05:29]} 11. Ng5 {[%emt 0:13:39]} Bb7 {[%emt 0:04:48]} 12. f3 {[%emt 0:02:48]} Nc6 {[%emt 0:04:08]} 13. Nce4 {[%emt 0:02:24]} Ne8 {[%emt 0:14:20]} 14. Bf1 {[%emt 0:02:14]} Qe7 {[%emt 0:00:52]} 15. Nh3 {[%emt 0:04:36]} Nc7 {[%emt 0:09:52]} (15... cxd4 $17 16. exd4 Nc7) 16. Qd2 {[%emt 0:02:18]} (16. dxc5 $1 $11 dxc5 17. Bxg7 Kxg7 18. Qc2) 16... Rad8 {[%emt 0:02:12]} 17. Qf2 {[%emt 0:05:04]} e5 {[%emt 0:04:48]} 18. d5 {[%emt 0:11:26]} Nb8 {[%emt 0:00:24]} 19. g4 {[%emt 0:02:21]} Bc8 {[%emt 0:02:01]} 20. Ng3 {[%emt 0:10:55]} Ne8 {[%emt 0:03:49]} 21. Qg2 {[%emt 0:04:17]} Kh8 {[%emt 0:04:25]} 22. Kh1 {[%emt 0:00:15]} Nd7 {[%emt 0:03:44]} 23. Nf2 {[%emt 0:06:34]} Qh4 {[%emt 0:03:02]} 24. Bd3 {[%emt 0:03:16]} Nb8 {[%emt 0:00:47]} 25. Rg1 {[%emt 0:01:13]} f5 {[%emt 0:06:50]} (25... b5 $16) 26. gxf5 {[%emt 0:00:59]} gxf5 {[%emt 0:00:25]} 27. f4 {[%emt 0:01:55]} Qh6 {[%emt 0:03:26]} 28. Nh3 {[%emt 0:01:19]} e4 {[%emt 0:01:38] [#]} 29. Nh5 $1 {[%emt 0:06:38]} Bxb2 $2 (29... Rd7) 30. Qxb2+ Nf6 {[%emt 0:03:36]} 31. Be2 {[%emt 0:00:59]} Bd7 {[%emt 0:02:55]} 32. Rg5 {[%emt 0:06:08]} Be8 {[%emt 0:03:25]} 33. Rag1 {[%emt 0:00:22]} Nbd7 {[%emt 0:00:38]} 34. Rxf5 {[%emt 0:00:32]} Bg6 {[%emt 0:01:26]} 35. Rfg5 {[%emt 0:01:23]} Rde8 {[%emt 0:00:33]} 36. Nf2 {[%emt 0:00:34]} Re7 {[%emt 0:00:33]} 37. Ng4 $18 {[%emt 0:00:14]} 1-0

[Event "Tatry Open 2018"]
[Site "Tatranska Lomnica"]
[Date "2018.10.02"]
[Round "4"]
[White "Zatko, Gregor"]
[Black "Kostolansky, Sebastian Lukas"]
[Result "1/2-1/2"]
[WhiteElo "2194"]
[BlackElo "2209"]
[Annotator "TA"]
[PlyCount "105"]
[EventDate "2018.09.30"]
[EventType "swiss"]
[EventCountry "SVK"]
[SourceTitle "playchess.com"]
[Source "ChessBase"]
[SourceQuality "1"]

{[%evp 17,105,12,45,0,0,-38,-20,-22,0,-27,35,41,48,18,11,0,0,-37,17,-22,-29,-97,-89,-86,-65,-33,-55,-76,-43,-35,-13,-110,-108,-104,-45,-56,-46,-89,-23,-208,-184,-181,-135,-129,-149,-190,-154,-152,-142,-131,-84,-112,-118,-188,-63,-183,-77,-64,0,-60,0,-73,0,0,0,-9,0,0,0,0,0,0,0,0,0,-29981,-29982,-29982,0,0,0,0,0,0,0,0,0,0,0,0]} 1. d4 Nf6 2. Bf4 g6 3. e3 Bg7 4. Nf3 O-O 5. Be2 d6 6. h3 Nfd7 7. O-O e5 8. Bh2 Nc6 9. c4 f5 {LiveBook: 34 Partien. A48: Königsindisch (ohne c2-c4)} 10. dxe5 (10. Nc3 Kh8 11. a3 e4 12. Nd2 Ne7 13. b4 Nf6 14. Rc1 Be6 15. f3 exf3 16. Bxf3 c6 17. b5 Bg8 18. a4 Rc8 {1-0 (31) Matlakov,M (2689)-Huzman,A (2580) Berlin 2015}) 10... dxe5 11. Qd5+ $146 ({Vorgänger:} 11. Nc3 Kh8 12. Nd5 a5 13. b3 Nc5 14. Qe1 Ne6 15. Rd1 Qe8 16. Ng5 Nxg5 17. Nxc7 {½-½ (44) Rodrigues,A (2167)-Pena Gomez,M (2408) Porto 2012}) 11... Kh8 {Schwarz steht etwas besser.} 12. Nc3 Qe7 13. Rfd1 Nf6 ({Günstiger ist} 13... Nc5 $11) 14. Qb5 $14 {[%cal Rf3e5]} e4 15. Nd4 (15. Nd2 {is interesting.} a6 16. Qb3 Rd8 17. Rab1 Qf7 18. Rbc1) 15... Nxd4 16. exd4 e3 17. f4 Nh5 (17... Re8 $15) 18. g3 Be6 19. Bf3 (19. a3 $11 {bleibt in der Remisbreite.}) 19... c6 $17 20. Qb3 Rae8 21. d5 Bf7 22. Ne2 cxd5 23. cxd5 g5 24. fxg5 (24. d6 $1 $11 Qd7 25. Qxb7 Qxb7 26. Bxb7 gxf4 27. d7) 24... Qxg5 {Und ...Sxg3! würde nun gewinnen.} 25. Kh1 {[#]} Be5 (25... Nf6 $1 $17 {zielt auf ...Se4 ab.} 26. Qxb7 Bh5) 26. Rg1 Nf6 27. Nf4 Qh6 (27... Rg8 $17 {Droht ...Lxf4 und aus.} 28. Rae1 (28. Qxb7 Rg7 $17) 28... Bxf4 29. gxf4 Qh4) 28. Ne6 $2 (28. Rae1 $11) 28... Bxe6 $19 29. dxe6 Ne4 $36 {[%mdl 2048] Schwarz hat starke Initiative.} 30. Bxe4 fxe4 31. h4 Rf2 {( -> ...Txh2+!)} 32. Rg2 Qxe6 33. Qxe3 Rxg2 34. Kxg2 Bxb2 35. Rf1 (35. Rd1 $17) 35... Qd5 (35... Qxa2 $19 {Und weiter mit ...Ld4+ wäre nett.} 36. Rf2 Qb1) 36. Kh3 ({Besser ist} 36. Bg1 $15) 36... Qd7+ (36... Qxa2 $19 {Weiss muss nun ...a5 beachten.} 37. Rf5 Qe6) 37. Kg2 $17 Qd5 (37... b5 $15) 38. Bg1 (38. Kh3 $11) 38... Qd3 (38... a6 $15) 39. Qc5 (39. Rf7 $11 Qd5 40. Rf2) 39... Bg7 ({Lieber} 39... b6 $17 40. Qe3 Bg7 41. Qxd3 exd3) 40. Be3 $11 b6 41. Qg5 Rg8 {Droht stark ...h6.} 42. Rf7 Qc4 43. Rxa7 Qe2+ 44. Bf2 Qf3+ 45. Kg1 {Weiss droht Dxg7+! und Matt.} Bf6 46. Qh6 $2 {[%mdl 8192] [#]} (46. Qd5 $11) 46... Rxg3+ 47. Bxg3 Bd4+ $2 (47... Qxg3+ {setzt Matt} 48. Kf1 Qd3+ 49. Kf2 Bd4+ 50. Kg2 Qe2+ 51. Kh3 Qf1+ 52. Kg3 Be5+ 53. Kg4 Qf3+ 54. Kg5 Bf4+ 55. Kf6 Bxh6+ 56. Ke7 e3 57. Rc7 e2 58. Kd7 e1=Q 59. Rc8+ Bf8 60. Rxf8+ Qxf8 61. Kc6 Qfe7 62. h5 Q1b4 63. h6 Qbc5#) 48. Kh2 {[%csl Ga7][%cal Rh6h7] Die Stellung ist ausgeglichen.} Qe2+ 49. Kh3 $1 {[%csl Ga7][%cal Rh6h7]} Qf1+ 50. Kg4 {[%csl Ga7][%cal Rh6h7]} Qf3+ 51. Kh3 {[%csl Ga7][%cal Rh6h7]} Qh1+ 52. Kg4 $1 {[%csl Ga7][%cal Rh6h7]} Qf3+ 53. Kh3 {Precision: Weiß = 20%, Schwarz = 30%.} 1/2-1/2